| 000 | 00557nam a22001817a 4500 | ||
|---|---|---|---|
| 003 | NUST | ||
| 005 | 20230915104932.0 | ||
| 008 | 190719b ||||| |||| 00| 0 eng d | ||
| 038 | _aMr. Noman | ||
| 082 | _a658.4 | ||
| 100 |
_aJaved, Masab Abbasi _918169 |
||
| 245 |
_aEmerging customer experience Management Needs as Telenor Pakistan Aims to become a Digital Service Provider _cMasab Javed Abbasi |
||
| 260 |
_aIslamabad: _bNBS - NUST, _c2017. |
||
| 300 |
_aILL. ; _c30cm. |
||
| 500 | _aHardcover. | ||
| 650 |
_aEMBA Thesis. _917645 |
||
| 942 |
_2ddc _cTHE |
||
| 999 |
_c527077 _d527077 |
||